Central Library OPAC University of Rajshahi

Bangladesh case studies in business management / (Record no. 61248)

MARC details
000 -LEADER
fixed length control field 01005nam a2200277 a 4500
001 - CONTROL NUMBER
control field 61248
003 - CONTROL NUMBER IDENTIFIER
rucl marc code BD-RjUL
005 - DATE AND TIME OF LATEST TRANSACTION
control field 20211209080935.0
008 - FIXED-LENGTH DATA ELEMENTS--GENERAL INFORMATION
fixed length control field 170116s1989 ii a b f000 0 eng d
035 ## - SYSTEM CONTROL NUMBER
System control number (BD-RjUL)61372
040 ## - CATALOGING SOURCE
Original cataloging agency DLC
Transcribing agency DLC
Modifying agency DLC
-- BD-RjUL
Language of cataloging eng
041 ## - LANGUAGE CODE
Language code of text/sound track or separate title eng
082 ## - DEWEY DECIMAL CLASSIFICATION NUMBER
Edition number 23
Classification number 658.0095492
Author mark and year BAN 1989
245 10 - TITLE STATEMENT
Title Bangladesh case studies in business management /
Statement of responsibility, etc. edited by Gary N. McLean and Muzaffer Ahmad.
260 ## - PUBLICATION, DISTRIBUTION, ETC. (IMPRINT)
Place of publication, distribution, etc. Dhaka, Bangladesh :
Name of publisher, distributor, etc. University Grants Commission :
-- Distribution, Ahmed Pub. House,
Date of publication, distribution, etc. 1989.
300 ## - PHYSICAL DESCRIPTION
Pagination iii, 412 p. :
Illustrations ill. ;
Size 28 cm.
500 ## - GENERAL NOTE
General note With reference to some business corporations of Bangladesh.
General note Master microform held by : DLC
650 #0 - SUBJECT ADDED ENTRY--TOPICAL TERM
Topical term or geographic name as entry element Industrial management
Geographic subdivision Bangladesh
General subdivision Case studies.
9 (RLIN) 182694
700 1# - ADDED ENTRY--PERSONAL NAME
Personal name McLean, Gary N.
Personal name Ahmad, Muzaffer.
710 1# - ADDED ENTRY--CORPORATE NAME
Corporate name or jurisdiction name as entry element Bangladesh.
Subordinate unit University Grants Commission.
9 (RLIN) 182695
942 ## - ADDED ENTRY ELEMENTS (KOHA)
Source of classification or shelving scheme Dewey Decimal Classification
Koha item type Books
Holdings
Lost status Source of classification or shelving scheme Damaged status Not for loan Collection code Permanent Location Current Location Shelving location Date acquired Source of acquisition Cost, normal purchase price Total Checkouts Full call number Date last seen Copy number Koha item type
  Dewey Decimal Classification   Not For Loan Non-fiction Central Library, University of Rajshahi Central Library, University of Rajshahi Reading Room 07/02/2002 University grants commission, Dhaka 175.00   658.0095492 BAN 1989 16/01/2017 C-1 Books
  Dewey Decimal Classification     Non-fiction Central Library, University of Rajshahi Central Library, University of Rajshahi   07/02/2002 University grants commission, Dhaka 175.00   658.0095492 BAN 1989 16/01/2017 C-2 Books